000 00711nam a2200241Ia 4500
003 OSt
005 20220926014112.0
006 a|||||r|||| 00| 0
007 ta
008 220923b |||||||| |||| 00| 0 eng d
037 _cGeneral Book
040 _aRTL
_cRTL
_beng
041 _2eng
_aeng
082 _aV5.N, K5
100 _aBaumer Frankin L Ed.
_9319782
245 0 _aIntellectual movements in modern European history
260 _aNew York
_bMacmillan
_c1965
300 _aix, 149p
_ccm.
490 _aMain Themes in European History. Ed by Bruce Mazlish
650 _aEurope History
_914786
942 _hV5.N, K5
_cGB
_2CC
999 _c627851
_d627851